Administrative facilities in school buildings. (Record no. 22285)
[ view plain ]
| 000 -LEADER | |
|---|---|
| fixed length control field | 00801cam a22002411 4500 |
| 001 - CONTROL NUMBER | |
| control field | e 57000046 |
| 003 - CONTROL NUMBER IDENTIFIER | |
| control field | DLC |
| 005 - DATE AND TIME OF LATEST TRANSACTION | |
| control field | 20260227111236.0 |
| 008 - FIXED-LENGTH DATA ELEMENTS--GENERAL INFORMATION | |
| fixed length control field | 791213s1957 dcua b f000 0 eng c |
| 010 ## - LIBRARY OF CONGRESS CONTROL NUMBER | |
| LC control number | e 57000046 |
| 035 ## - SYSTEM CONTROL NUMBER | |
| System control number | (OCoLC)5789519 |
| 040 ## - CATALOGING SOURCE | |
| Original cataloging agency | U.S. Office of Education. Library |
| Transcribing agency | IPB |
| Modifying agency | DLC |
| 042 ## - AUTHENTICATION CODE | |
| Authentication code | premarc |
| 050 00 - LIBRARY OF CONGRESS CALL NUMBER | |
| Classification number | LB3325.O35 |
| Item number | T3 |
| 100 1# - MAIN ENTRY--PERSONAL NAME | |
| Personal name | Taylor, James L. |
| 245 10 - TITLE STATEMENT | |
| Title | Administrative facilities in school buildings. |
| 260 ## - PUBLICATION, DISTRIBUTION, ETC. | |
| Place of publication, distribution, etc. | [Washington] |
| Name of publisher, distributor, etc. | U.S. Dept. of Health, Education, and Welfare, Office of Education |
| Date of publication, distribution, etc. | [1957] |
| 300 ## - PHYSICAL DESCRIPTION | |
| Extent | vi, 52 p. |
| Other physical details | illus., diagrs. |
| Dimensions | 20 x 26 cm. |
| 410 20 - SERIES STATEMENT/ADDED ENTRY--CORPORATE NAME [OBSOLETE, CAN/MARC], [LOCAL, USA] | |
| Corporate name or jurisdiction name as entry element | U.S. Office of Education. |
| Title of a work | Special publication ; |
| Volume number/sequential designation | no. 6 |
| 504 ## - BIBLIOGRAPHY, ETC. NOTE | |
| Bibliography, etc. note | Bibliography: p. 43-45. |
| 650 #0 - SUBJECT ADDED ENTRY--TOPICAL TERM | |
| Topical term or geographic name entry element | School buildings |
| Geographic subdivision | United States. |
| 650 #0 - SUBJECT ADDED ENTRY--TOPICAL TERM | |
| Topical term or geographic name entry element | Office layout. |
No items available.